清朝皇帝的名讳、年号和庙号 (Personal/Era/Temple Names of Qing Emperors) - Statistics

General Stats
  • This quiz has been taken 51 times
  • The average score is 20 of 35
Answer Stats
在位时间 描述 % Correct
1616--1626 努尔哈赤
94%
1626--1643 皇太极
94%
1661--1722 康熙
83%
1643--1661 顺治
80%
1722--1735 雍正
80%
1735--1796 乾隆
77%
1661--1722 玄烨
74%
1796--1820 嘉庆
71%
1643--1661 福临
69%
1908--1912 溥仪
69%
1616--1626 天命
69%
1820--1850 道光
69%
1616--1626 太祖
69%
1661--1722 圣祖
69%
1735--1796 弘历
66%
1861--1875 同治
66%
1722--1735 胤禛
63%
1908--1912 宣统
63%
1626--1643 太宗
63%
1875--1908 光绪
60%
1735--1796 高宗
60%
1850--1861 咸丰
57%
1643--1661 世祖
51%
1722--1735 世宗
49%
1796--1820 颙琰
37%
1820--1850 旻宁
37%
1861--1875 载淳
37%
1796--1820 仁宗
34%
1875--1908 载湉
31%
1850--1861 奕詝
26%
1626--1643 天聪、崇德
26%
1875--1908 德宗
23%
1820--1850 宣宗
17%
1850--1861 文宗
14%
1861--1875 穆宗
14%
No matching quizzes found
Score Distribution
Percent of People with Each Score
Percentile by Number Answered
Your Score History
You have not taken this quiz